| 000 | 00691nam a22002297a 4500 | ||
|---|---|---|---|
| 999 |
_c14802 _d14802 |
||
| 003 | AR-CdUCM | ||
| 008 | 190424b ||||| |||| 00| 0 spa d | ||
| 020 | _a978-9974-738-00-3 | ||
| 040 |
_aMUNICIPALIDAD PROVINCIAL DEL CUSCO _cBIBLIOTECA MUNICIPAL DEL CUSCO |
||
| 041 | _heng | ||
| 082 |
_aPI / 800 / _bL28 |
||
| 110 |
_aLatinbooks _933213 |
||
| 245 | _aCuentos con relieve Fredy construye algo sorprendente / | ||
| 260 |
_aChina : _bLatinbooks, _c2016. |
||
| 300 |
_bilustraciones, graficos, dibujos _c25 cm. |
||
| 500 | _aTexto para niƱos | ||
| 650 |
_aTextos _94584 |
||
| 650 |
_aLiteratura _983 |
||
| 650 |
_aHistoria _9136 |
||
| 942 |
_2ddc _cLIBROS |
||
| 945 |
_apjha _d2019-04-24 |
||